Lataa...

Textbook of analytical chemistry: instrumental technicques

Bibliografiset tiedot
Päätekijä: Mahinder Singh
Aineistotyyppi: Printed Book
Julkaistu: New Delhi Dominant Publishers 2005
Aiheet:
LEADER 00497cam a2200157ua 4500
020 |a 81-7888-229-9 
082 |a 543  |b MAH/T 
100 0 |a Mahinder Singh 
245 1 0 |a Textbook of analytical chemistry: instrumental technicques  
260 |a New Delhi  |b Dominant Publishers  |c 2005 
300 |a 187p. 
650 |a Analytical chemistry 
650 0 |a Chemistry 
942 |c BK 
999 |c 17730  |d 17730 
952 |0 0  |1 0  |4 0  |6 543_000000000000000_MAHT  |7 0  |9 18484  |a KUCL  |b KUCL  |d 2014-05-23  |l 0  |o 543 MAH/T  |p 19266  |r 2014-05-23  |y BK